000 01078cam a22003377a 4500
003 CHAP
005 20220817043734.0
008 001213d1999 ca a r 00110 eng d
010 _a83118
011 _a84090
020 _a1550651277
035 _a94609
040 _cCHAP
082 0 4 _a634.81
_bP35
100 0 0 _aPambianchi, Daniel.
_985039
245 1 0 _aTechniques in home winemaking :
_ba practical guide to making château-style wines
_c/by Daniel Pambianchi
260 _aMontreal, Quebec :
_bVéhicule,
_c1999.
300 _a265 p. :
_bilus.
590 _aBATCH-UPD
_b10
_c20130110
_lUCH01
_h0637
590 _aBATCH-UPD
_b10
_c20130410
_lUCH01
_h0320
590 _aBATCH-UPD
_b10
_c20130914
_lUCH01
_h1359
590 _aCONVERSION
_b10
_c20130109
_lUCH01
_h1346
650 1 4 _aFermentación alcohólica.
_940085
650 1 4 _aVino
_xAnálisis.
_9119856
650 1 4 _aVino
_xElaboración.
_9119861
650 1 4 _aViticultura.
901 _aBK
905 _aPatricia Mendoza P.
942 _cLIBRO
949 _a634.81 P35
_bBC
_cLIBRO
_d33724000812673
_eLIBRO
_h98890
_i94609
_si
999 _c83118
_d83118